000 01039cam a22003012 4500
001 28710
003 BD-RjUL
005 20211209051323.0
008 140331r19891958ii ab b 001 0 eng
020 _a8122900178
020 _a8122900186
035 _a(BD-RjUL)28792
040 _aDLC
_cDLC
_dBD-RjUL
_beng
041 _aeng
082 0 0 _a947
_bWAR 1989
100 1 _aWalsh, Warren B.
_q(Warren Bartlett),
_d1909-1979
_987856
245 1 0 _aRussia and the Soviet Union :
_ba modern history /
_cWarren B. Walsh.
260 _aDelhi :
_bSurjeet Publications,
_c1958 [Reprinted 1989].
300 _axv, 640, xxiii p. :
_bill. ;
_c24 cm.
490 1 _aThe University of Michigan history of the modern world
504 _aBibliographical references included in "Notes" (p. [591]-603) Bibliography: p. [605]-640.
504 _aIncludes index.
651 0 _aSoviet Union
_xHistory.
_987857
830 0 _aUniversity of Michigan history of the modern world.
_978414
942 _2ddc
_cBK
999 _c28710
_d28710